000 00513nam a22002177a 4500
003 Nust
005 20211015105621.0
008 170120b xxu||||| |||| 00| 0 eng d
020 _a 0-07-1230106
038 _akhadija
040 _c.
082 _a621.31042 FIT
100 _aFitzgerald, A. E
_940578
245 _aElectric Machinery /
_c A. E FITZGERALD,
250 _a6th
260 _aBoston,
_bMcGraw Hill,
_c2003.
300 _a688p. ;
500 _aPaperback.
563 _aPB
942 _cBK
_2ddc
999 _c32397
_d32397